LEADER 00776nam0-22002651i-450- 001 990008001660403321 005 20050209111908.0 035 $a000800166 035 $aFED01000800166 035 $a(Aleph)000800166FED01 035 $a000800166 100 $a20050209d--------km-y0itay50------ba 101 $aeng 200 1 $aEfficient Solvers for Incompressible Flow Problems$eAn Algorithmic and Computational Approach$fTurek S. 205 $a1.ed. 210 $aBerlino$cSpringer Verlag$d1999 610 0 $aFluidodinamica 676 $a620.1'064 700 1$aTurek,$bStefan$0292240 901 $aBK 912 $a990008001660403321 952 $a00 A2680$b5271$fDETEC 959 $aDETEC 996 $aEfficient Solvers for Incompressible Flow Problems$9749847 997 $aUNINA LEADER 02041nas 2200577- 450 001 996581515803316 005 20230522010532.0 011 $a2691-4581 035 $a(DE-599)ZDB3049188-5 035 $a(OCoLC)1149924015 035 $a(CKB)5590000000001764 035 $a(CONSER)--2020200138 035 $a(EXLCZ)995590000000001764 100 $a20200410a20209999 --- a 101 0 $aeng 135 $aur||||||||||| 181 $ctxt$2rdacontent 182 $cc$2rdamedia 183 $acr$2rdacarrier 200 00$aIEEE transactions on artificial intelligence 210 1$aPiscataway, NJ :$cInstitute of Electrical and Electronics Engineers, Inc. :$cIEEE Computational Intelligence Society,$d[2020]- 215 $a1 online resource 300 $aRefereed/Peer-reviewed 517 1 $aTransactions on artificial intelligence 517 1 $aArtificial intelligence 517 1 $aITAICB 517 1 $aAI 517 1 $aTAI 517 1 $aIEEE TAI 517 1 $aInstitute of Electrical and Electronics Engineers transactions on artificial intelligence 531 0 $aIEEE trans. artif. intell. 606 $aComputational intelligence$vPeriodicals 606 $aArtificial intelligence$vPeriodicals 606 $aComputational intelligence$2fast$3(OCoLC)fst00871995 606 $aArtificial intelligence$2fast$3(OCoLC)fst00817247 608 $aPeriodicals.$2fast 615 0$aComputational intelligence 615 0$aArtificial intelligence 615 7$aComputational intelligence. 615 7$aArtificial intelligence. 676 $a006.3 712 02$aInstitute of Electrical and Electronics Engineers. 712 02$aIEEE Computational Intelligence Society. 712 02$aIEEE Computer Society. 712 02$aIEEE Signal Processing Society. 712 02$aIEEE Systems, Man, and Cybernetics Society. 712 02$aIEEE Robotics and Automation Society. 906 $aJOURNAL 912 $a996581515803316 996 $aIEEE transactions on artificial intelligence$92292545 997 $aUNISA LEADER 04842nam 2201033z- 450 001 9910557615403321 005 20220321 035 $a(CKB)5400000000045248 035 $a(oapen)https://directory.doabooks.org/handle/20.500.12854/79573 035 $a(oapen)doab79573 035 $a(EXLCZ)995400000000045248 100 $a20202203d2022 |y 0 101 0 $aeng 135 $aurmn|---annan 181 $ctxt$2rdacontent 182 $cc$2rdamedia 183 $acr$2rdacarrier 200 00$aAdvanced Techniques for Design and Manufacturing in Marine Engineering 210 $aBasel$cMDPI - Multidisciplinary Digital Publishing Institute$d2022 215 $a1 online resource (226 p.) 311 08$a3-0365-3114-9 311 08$a3-0365-3115-7 330 $aModern engineering design processes are driven by the extensive use of numerical simulations; naval architecture and ocean engineering are no exception. Computational power has been improved over the last few decades; therefore, the integration of different tools such as CAD, FEM, CFD, and CAM has enabled complex modeling and manufacturing problems to be solved in a more feasible way. Classical naval design methodology can take advantage of this integration, giving rise to more robust designs in terms of shape, structural and hydrodynamic performances, and the manufacturing process.This Special Issue invites researchers and engineers from both academia and the industry to publish the latest progress in design and manufacturing techniques in marine engineering and to debate the current issues and future perspectives in this research area. Suitable topics for this issue include, but are not limited to, the following:CAD-based approaches for designing the hull and appendages of sailing and engine-powered boats and comparisons with traditional techniques;Finite element method applications to predict the structural performance of the whole boat or of a portion of it, with particular attention to the modeling of the material used;Embedded measurement systems for structural health monitoring;Determination of hydrodynamic efficiency using experimental, numerical, or semi-empiric methods for displacement and planning hulls;Topology optimization techniques to overcome traditional scantling criteria based on international standards;Applications of additive manufacturing to derive innovative shapes for internal reinforcements or sandwich hull structures. 606 $aHistory of engineering & technology$2bicssc 606 $aTechnology: general issues$2bicssc 610 $a3-RPS parallel platform 610 $a3-SPR parallel platform 610 $aair cavity ships 610 $aautonomous underwater vehicle (AUV) 610 $abiomimetic design 610 $aboil-off gas (BOG) 610 $aboil-off rate (BOR) 610 $aCAD 610 $aCartesian adaptive grids 610 $acollision avoidance planning 610 $acomputational fluid dynamics 610 $acomputational model 610 $acomputer fluid dynamics 610 $acryogenic tank 610 $adeep reinforcement learning (DRL) 610 $adeep sea 610 $adesign for additive manufacturing 610 $adouble-DQN (D-DQN) 610 $aexcel 610 $afidelity 610 $afinite element analysis (FEA) 610 $afinite element method 610 $aFSI 610 $agennaker 610 $ageometric parameterization 610 $aHigh-Fidelity analysis 610 $ahull design 610 $ahull ventilation 610 $aimmersed boundaries 610 $aLES simulation 610 $alevel 4 sea state 610 $alightweight structure 610 $aliquid nitrogen 610 $amulti-net 610 $amultihull design 610 $an/a 610 $anear-bottom zooplankton 610 $anumerical optimization 610 $aoscillating water column 610 $arational Be?zier curves 610 $asail design 610 $asail loads 610 $asailing yacht design 610 $aSavonius turbine 610 $astepped planing hull 610 $astructure optimization 610 $aturbulent flows 610 $aVBA 610 $avelocity prediction program 610 $avisible sampling 610 $aVPP 610 $awave compensation platform 610 $awave energy converter 610 $aworkspace analysis 615 7$aHistory of engineering & technology 615 7$aTechnology: general issues 700 $aMancuso$b Antonio$4edt$0192132 702 $aTumino$b Davide$4edt 702 $aMancuso$b Antonio$4oth 702 $aTumino$b Davide$4oth 906 $aBOOK 912 $a9910557615403321 996 $aAdvanced Techniques for Design and Manufacturing in Marine Engineering$93027102 997 $aUNINA